Normal view
MARC view
- Drugs
Entry Topical Term
001 - CONTROL NUMBER
- control field: 26088
003 - CONTROL NUMBER IDENTIFIER
- control field: NUST
005 - DATE AND TIME OF LATEST TRANSACTION
- control field: 20191122150236.0
008 - FIXED-LENGTH DATA ELEMENTS
- fixed length control field: 191122|| aca||aabn | a|a d
040 ## - CATALOGING SOURCE
- Original cataloging agency: NUST
- Transcribing agency: NUST
150 ## - HEADING--TOPICAL TERM
- Topical term or geographic name entry element: Drugs
670 ## - SOURCE DATA FOUND
- Source citation: Work cat.: (NUST)532203: Martin, Yvonne Connolly, 1936- 25569, Quantitative drug design :, c2010.
